[Event "BIH-chTA 27th"]
[Site "Lukavac"]
[Date "2020.11.01"]
[Round "5.3"]
[White "Sinanovic, Ermin"]
[Black "Kustura, Hajrudin"]
[Result "1/2-1/2"]
[WhiteElo "2164"]
[BlackElo "1704"]
[PlyCount "123"]
[EventDate "2020.10.30"]
[EventType "team-tourn"]
[EventRounds "9"]
[EventCountry "BIH"]
[SourceTitle "CBM 199 Extra"]
[Source "ChessBase"]
[SourceDate "2021.01.31"]
[SourceVersion "1"]
[SourceVersionDate "2021.01.31"]
[SourceQuality "1"]
[WhiteTeam "Zivinice"]
[BlackTeam "Zenica Preporod"]
[WhiteTeamCountry "BIH"]
[BlackTeamCountry "BIH"]

1. e4 e6 2. d4 d5 3. Nd2 c5 4. exd5 Qxd5 5. dxc5 Bxc5 6. Ngf3 Nf6 7. Bd3 Nc6 8. 0-0 0-0 9. a3 h6 10. b4 Bd4 11. Nxd4 Nxd4 12. c3 Nc6 13. Nf3 Rd8 14. Be2 Qxd1 15. Rxd1 Rxd1+ 16. Bxd1 b6 17. Be2 Bb7 18. Bb2 Rd8 19. Kf1 a6 20. Ke1 Nd5 21. g3 f6 22. c4 Nde7 23. Rc1 e5 24. c5 b5 25. Rd1 Rxd1+ 26. Kxd1 Kf7 27. Nd2 f5 28. g4 g6 29. Nf3 Ke6 30. Nh4 Nd4 31. Bxd4 exd4 32. gxf5+ gxf5 33. Nf3 d3 34. Nd4+ Ke5 35. Bf3 Be4 36. Bxe4 fxe4 37. Nb3 Kd5 38. Kd2 Nc6 39. f3 exf3 40. Kxd3 Ne5+ 41. Ke3 Nc4+ 42. Kxf3 Nxa3 43. Nc1 Nc2 44. Na2 Nd4+ 45. Kf4 Ne6+ 46. Kf5 Nxc5 47. bxc5 Kxc5 48. Kg6 b4 49. Kxh6 b3 50. Nc3 Kb4 51. Nb1 a5 52. h4 a4 53. h5 a3 54. Nxa3 Kxa3 55. Kg7 b2 56. h6 b1Q 57. h7 Qg1+ 58. Kh8 Qh2 59. Kg8 Qg3+ 60. Kh8 Qh4 61. Kg8 Qg5+ 62. Kh8 1/2-1/2

[Event "Lukavac op 8th"]
[Site "Lukavac"]
[Date "2019.11.24"]
[Round "4"]
[White "Kustura, Hajrudin"]
[Black "Mesic, Ismet"]
[Result "0-1"]
[WhiteElo "1706"]
[BlackElo "1964"]
[PlyCount "78"]
[EventDate "2019.11.22"]
[EventType "swiss"]
[EventRounds "7"]
[EventCountry "BIH"]
[SourceTitle "CBM 193 Extra"]
[Source "ChessBase"]
[SourceDate "2020.01.31"]
[SourceVersion "1"]
[SourceVersionDate "2020.01.31"]
[SourceQuality "1"]

1. e4 c6 2. d4 d5 3. Nc3 dxe4 4. Nxe4 Bf5 5. Ng3 Bg6 6. Nf3 Nf6 7. Bd3 e6 8. Bg5 Be7 9. Bxg6 hxg6 10. Qd2 a5 11. a3 b5 12. c3 Nbd7 13. 0-0 0-0 14. Rad1 Nb6 15. Ne5 Qc7 16. Qe2 Rfd8 17. Rfe1 Bd6 18. Bxf6 gxf6 19. Ng4 f5 20. Ne5 Bxe5 21. Qxe5 Qxe5 22. Rxe5 Rd5 23. Rxd5 cxd5 24. f4 Nc4 25. Rb1 Rb8 26. Kf2 b4 27. axb4 axb4 28. Ne2 bxc3 29. Nxc3 Nd2 30. Rd1 Rxb2 31. Ke1 Nc4 32. Ne2 Ne3 33. Rd3 Nxg2+ 34. Kf1 Rxe2 35. Kxe2 Nxf4+ 36. Ke3 Nxd3 37. Kxd3 f6 38. Ke3 e5 39. Kd3 Kh7 0-1

[Event "BIH-ch 12th"]
[Site "Lukavac"]
[Date "2018.12.16"]
[Round "6"]
[White "Kustura, Hajrudin"]
[Black "Cajic, Mirsad"]
[Result "1-0"]
[WhiteElo "1683"]
[BlackElo "1584"]
[PlyCount "39"]
[EventDate "2018.12.13"]
[EventType "swiss"]
[EventRounds "7"]
[EventCountry "BIH"]
[SourceTitle "CBM 187 Extra"]
[Source "ChessBase"]
[SourceDate "2018.11.04"]
[SourceVersion "1"]
[SourceVersionDate "2018.11.04"]
[SourceQuality "1"]

1. e4 e5 2. Nf3 Nf6 3. Nc3 Nc6 4. Bb5 Bb4 5. 0-0 d6 6. Re1 Bd7 7. d4 Bxc3 8. bxc3 a6 9. Bxc6 Bxc6 10. dxe5 dxe5 11. Ba3 Nd7 12. Qe2 Qf6 13. c4 0-0-0 14. Qe3 Nb6 15. Qc3 Rhe8 16. Nd2 Rd4 17. Re2 Red8 18. c5 Bb5 19. cxb6 Bxe2 20. Qxc7# 1-0

[Event "BIH-chT1"]
[Site "Bosanska Krupa"]
[Date "2018.08.29"]
[Round "8"]
[White "Zenelaj, Samuel"]
[Black "Kustura, Hajrudin"]
[Result "1-0"]
[WhiteElo "1869"]
[BlackElo "1698"]
[PlyCount "79"]
[EventDate "2018.08.25"]
[EventType "tourn"]
[EventRounds "9"]
[EventCountry "BIH"]
[SourceTitle "CBM 186 Extra"]
[Source "ChessBase"]
[SourceDate "2018.08.24"]
[SourceVersion "1"]
[SourceVersionDate "2018.08.24"]
[SourceQuality "1"]

1. c4 e5 2. Nc3 Nf6 3. Nf3 Nc6 4. e4 Be7 5. d3 h6 6. g3 d6 7. Bg2 Bg4 8. Be3 Qd7 9. 0-0 a6 10. a3 g5 11. Nd5 Nxd5 12. cxd5 Nd8 13. d4 f6 14. Qc2 0-0 15. Rac1 Rc8 16. Qb3 Kg7 17. Rc3 f5 18. dxe5 fxe4 19. e6 Qb5 20. Qxb5 axb5 21. Bd4+ Kg8 22. Nd2 c5 23. Bxe4 Ra8 24. Be3 b6 25. Rb3 c4 26. Rb4 Rb8 27. f3 Bxe6 28. dxe6 d5 29. Bxd5 Rf5 30. Rxb5 Re5 31. Ne4 Kh7 32. Bxc4 Rxb5 33. Bxb5 Nxe6 34. Rd1 Kg7 35. Bd4+ Kf8 36. Bf6 Bc5+ 37. Nxc5 bxc5 38. Bc4 Nd4 39. Bxd4 cxd4 40. b3 1-0

[Event "BIH-chT1A 22nd"]
[Site "Tuzla"]
[Date "2015.10.20"]
[Round "8.4"]
[White "Kovacic, Dubravko"]
[Black "Kustura, Hajrudin"]
[Result "1/2-1/2"]
[WhiteElo "2074"]
[BlackElo "1609"]
[PlyCount "116"]
[EventDate "2015.10.16"]
[EventType "tourn"]
[EventRounds "9"]
[EventCountry "BIH"]
[SourceTitle "CBM 169 Extra"]
[Source "ChessBase"]
[SourceDate "2015.12.18"]
[SourceVersion "1"]
[SourceVersionDate "2015.12.18"]
[SourceQuality "1"]

1. c4 Nf6 2. g3 d5 3. cxd5 Qxd5 4. Nf3 Nc6 5. Nc3 Qa5 6. Bg2 Bd7 7. 0-0 0-0-0 8. d4 Bg4 9. Qb3 Qb4 10. Qxb4 Nxb4 11. Ne5 Bh5 12. e3 e6 13. Bd2 Bd6 14. Nb5 Nbd5 15. Nxa7+ Kb8 16. Nac6+ bxc6 17. Nxc6+ Kc8 18. Nxd8 Rxd8 19. e4 Bb4 20. Bxb4 Nxb4 21. a4 Nc2 22. Rac1 Nxd4 23. Rc5 Bf3 24. Re1 Ne2+ 25. Kf1 Bxg2+ 26. Kxg2 Nd4 27. b4 Nd7 28. Rc3 Kb8 29. b5 e5 30. f4 f6 31. fxe5 fxe5 32. a5 Kb7 33. Rf1 Nf6 34. Rc5 Re8 35. Rfc1 Re7 36. a6+ Kb6 37. a7 Kxa7 38. Rxc7+ Rxc7 39. Rxc7+ Kb6 40. Rxg7 Kxb5 41. g4 Kc4 42. g5 Nxe4 43. h4 Ne6 44. Rxh7 N6xg5 45. hxg5 Nxg5 46. Rh5 Ne4 47. Rxe5 Kd4 48. Re8 Ke3 49. Rf8 Nd2 50. Kg3 Ne4+ 51. Kg4 Nf2+ 52. Kf5 Nd3 53. Re8+ Kd4 54. Rd8+ Ke3 55. Rd7 Nc5 56. Rd6 Nd3 57. Re6+ Kd4 58. Re8 Kc5 1/2-1/2